header

Preclinical atherosclerosis, global cardiovascular risk and cardiovascular events (Record no. 80754)

MARC details
000 -LEADER
fixed length control field 01279nam a2200289Ia 4500
245 00 - TITLE STATEMENT
Title Preclinical atherosclerosis, global cardiovascular risk and cardiovascular events
260 ## - PUBLICATION, DISTRIBUTION, ETC. (IMPRINT)
Place of publication [Saif Zone, Sharjah, U.A.E] ;
-- Oak Park, IL :
Name of publisher Bentham Science,
Year of publication [2012]
300 ## - PHYSICAL DESCRIPTION
Number of Pages 67 p. :
Other physical details col. ill.
650 #0 - SUBJECT ADDED ENTRY--TOPICAL TERM
Topical Term Atherosclerosis
Topical Term Cardiovascular system
Topical Term Cardiology.
700 1# - ADDED ENTRY--PERSONAL NAME
Personal name Novo, Salvatore.
856 40 - ELECTRONIC LOCATION AND ACCESS
Uniform Resource Identifier http://site.ebrary.com/lib/rucke/Doc?id=10570975

No items available.

© 2026 Rongo University
Contact us: librarian | system librarian | Rongo university